Detalles MARC
| 000 -LÍDER |
| Campo fijo de descripción fija |
02044cam a2200409 i 4500 |
| 001 - NÚMERO DE CONTROL |
| Campo de control |
611964942 |
| 003 - IDENTIFICADOR DEL NÚMERO DE CONTROL |
| Campo de control |
OCoLC |
| 005 - FECHA Y HORA DE LA ULTIMA TRANSACCIÓN |
| control field |
20190402120453.0 |
| 008 - ELEMENTOS DE LONGITUD FIJA -- INFORMACIÓN GENERAL |
| Campo fijo de descripción fija -- Información general |
100426s2010 kyuad g b 001 0 eng |
| 010 ## - NÚMERO DE CONTROL DE LA BIBLIOTECA DEL CONGRESO |
| Número de control LC |
2010017725 |
| 020 ## - NÚMERO INTERNACIONAL NORMALIZADO PARA LIBROS |
| Número Internacional Normalizado del libro |
9781609470036 (pbk. : alk. paper) |
| 020 ## - NÚMERO INTERNACIONAL NORMALIZADO PARA LIBROS |
| Número Internacional Normalizado del libro |
1609470036 (pbk. : alk. paper) |
| 040 ## - FUENTE DE CATALOGACIÓN |
| Agencia de catalogación original |
DLC |
| Agencia que realiza la transcripción |
CO-MdFUSB |
| Agencia que realiza la modificación |
YDX |
| -- |
IMC |
| -- |
HNW |
| -- |
CDX |
| -- |
YDXCP |
| Idioma de catalogación |
spa |
| Convenciones de la descripción |
rda |
| 041 ## - CÓDIGO DE IDIOMA |
| Código de idioma para texto/pista de sonido o título separado |
eng |
| 043 ## - GEOGRAPHIC AREA CODE |
| Geographic area code |
cl----- |
| 082 ## - NÚMERO DE CLASIFICACIÓN DECIMAL DEWEY |
| Número de la edición del Dewey |
24 |
| Número de clasificación |
G 262.7098 |
| Clave de autor-Numero de item |
G633m |
| 100 1# - ASIENTO PRINCIPAL--NOMBRE PERSONAL |
| Nombre personal |
Gomez, Ricardo, |
| Fechas asociadas con el nombre |
1972- |
| Término relacionador |
autor |
| 245 04 - TÍTULO |
| Título del Material |
The mission of God in Latin America |
| Mención de responsabilidad, etc. |
/ Ricardo Gomez. |
| 264 #1 - PRODUCCIÓN, PUBLICACIÓN, DISTRIBUCIÓN, MANUFACTURA, Y COPYRIGHT |
| Lugar de producción, publicación, distribución, manufactura |
Lexington, Kentucky : |
| Nombre del productor, publicador, distribuidor |
Emeth Press, |
| Fecha de producción, publicación, distribución, manufactura, o copyright |
℗[2010] |
| 264 #4 - PRODUCCIÓN, PUBLICACIÓN, DISTRIBUCIÓN, MANUFACTURA, Y COPYRIGHT |
| Fecha de producción, publicación, distribución, manufactura, o copyright |
©2010 |
| 300 ## - DESCRIPCIÓN FÍSICA |
| Extensión |
xiv, 237 páginas : |
| Otros detalles físicos |
ilustraciones ; |
| Dimensiones |
23 cm. |
| 336 ## - TIPO DE CONTENIDO |
| Fuente |
rdacontent |
| Término de tipo de contenido |
texto |
| Código de tipo de contenido |
txt |
| 337 ## - TIPO DE MEDIO |
| Fuente |
rdamedia |
| Nombre del tipo de medio |
sin mediación |
| Código del tipo de medio |
n |
| 338 ## - TIPO DE SOPORTE |
| Fuente |
rdacarrier |
| Nombre del tipo de soporte |
volumen |
| Código Tipo de soporte |
nc |
| 490 1# - MENCIÓN DE SERIE |
| Mención de serie |
Asbury Theological Seminary series in world Christian revitalization movements in intercultural studies : |
| 501 ## - NOTA DE “CON” |
| Nota de Contenido |
Incluye índices (páginas 227- 237) |
| 504 ## - NOTA DE BIBLIOGRAFÍA, ETC. |
| Nota de bibliografía, etc |
Bibliografía (páginas 217- 226) |
| 505 ## - NOTA DE CONTENIDO |
| Nota de contenido con formato preestablecido |
¿Se ha convertido la iglesia en el problema más que en la solución? -- Panorama histórico de la colonización y la influencia de la iglesia en América Latina -- La teología de Lucas-Hechos y misión en el contexto latinoamericano -- Teología y praxis de la misión entre las iglesias católicas romanas seleccionadas -- Teología y práctica de la misión entre las principales iglesias protestantes seleccionadas -- Teología y práctica de la misión entre las iglesias protestantes pentecostales seleccionadas -- Redefiniendo la teología y la práctica de la iglesia en América Latina. |
| 650 #0 - ASIENTO SECUNDARIO DE MATERIA - TERMINO TEMÁTICO |
| Término temático o nombre geográfico como elemento de entrada |
Teología práctica |
| 9 (RLIN) |
180 |
| 651 #7 - ASIENTO SECUNDARIO DE MATERIA - NOMBRE GEOGRAFICO |
| Nombre geográfico |
América Latina |
| 653 ## - TÉRMINO DE INDIZACIÓN - NO CONTROLADO |
| Término no controlado |
América Latina -- Historia de la iglesia |
| 653 ## - TÉRMINO DE INDIZACIÓN - NO CONTROLADO |
| Término no controlado |
Misión -- América Latina |
| 830 #0 - PUNTO DE ACCESO ADICIONAL DE SERIE - TÍTULO UNIFORME |
| Título uniforme |
Asbury Theological Seminary series in world Christian revitalization movements ; |
| Designación de volumen o secuencia |
no. 4. |
| 942 ## - TIPO DE MATERIAL (KOHA) |
| Tipo de Item KOHA |
Libros General |